| 000 | 01043cam a22002291i 4500 | ||
|---|---|---|---|
| 003 | OSt | ||
| 005 | 20260412125513.0 | ||
| 008 | 260408s2009 sy g 000 0 ara c | ||
| 040 |
_aSA-JeALM _bara _cSA-RiAUC _erda |
||
| 082 | 0 | 4 |
_a237.3 _qSA-RiAUC |
| 090 |
_a237.3 _bم ل ا |
||
| 100 | 1 |
_aملاه، محمد بن عبدالرحيم _eمعد. |
|
| 245 | 1 | 0 |
_aفضل الصلاة والسلام على سيد الأنام سيدنا محمد رسول الله صلى الله عليه وسلم وبارك عليه وعلى آله ومن والاه / _cاعداد محمد بن عبدالرحيم ملاه |
| 250 | _aالطبعة الثانية. | ||
| 264 | 1 |
_aمكة المكرمة : _bرابطة العالم الإسلامي، _c1993 |
|
| 300 |
_a38 صفحة ؛ _c16 سم. |
||
| 336 |
_aنص _btxt _2rdacontent _3كتاب |
||
| 337 |
_aبدون وسيط _bn _2rdamedia |
||
| 650 | 7 |
_aالصلاة على النبي (صلى الله عليه وسلم) _xفضائل _2aucsh |
|
| 942 |
_2ddc _cBOOK _n0 |
||
| 949 |
_aSA-JeALM _d260408 _uosman123 _n1 |
||
| 999 |
_c14740 _d14740 |
||